000
00211nam a22000857a 4500
008
170621b xxu||||| |||| 00| 0 eng d
100
_9
3597
_a
Majumdar. L
245
_a
Mother Terasa
260
_a
New Delhi
_b
A. P. H
_c
2006
999
_c
6985
_d
6985